00627nam a22001697a 450000500170000001000130001702000250003003500110005503700130006608200120007910000350009124500820012624600890020826000520029727000860034930000220043520190801162036.0 aUR-10328 c300.00a789388356565 aU-8883 bDBAD/PUB a921.305 aبی ا لہا م فا طمہ  aمنا ظر عا شق ہر گا نو ی cبی ا لہا م فا طمہ  bManazir Ashiq Harganvi:Khawateen Qalamkar Ki Nazar Mein (Urdu)aby B. Ilham Fatima  aDelhibEducational Publishing House c2018 ء  a3191,Vakil Street,Kucha Pandit,Lal Kuan,bDelhie110006k23214465l00911123211540 a240 صc22 Cm(Hb)